Pokemon General Trivia #5 - Statistics

General Stats
  • This quiz has been taken 311 times
  • The average score is 22 of 32
Answer Stats
Hint Answer % Correct
Name each of the 'first bird' Pokemon from each gen. Pidgey
98%
What is the HP recovery for each medicine item? Berry Juice 20
94%
What is the HP recovery for each medicine item? Potion 20
94%
What is the HP recovery for each medicine item? Sweet Heart 20
94%
What is the HP recovery for each medicine item? Fresh Water 50/30
94%
What is the HP recovery for each medicine item? Super Potion 50/60
94%
What is the HP recovery for each medicine item? Soda Pop 60/50
94%
What is the HP recovery for each medicine item? Hyper Potion 200/120
93%
What is the HP recovery for each medicine item? Moomoo Milk 100
92%
Name each of the 'first bird' Pokemon from each gen. Starly
88%
What is the HP recovery for each medicine item? Lemonade 80/70
87%
Name each of the 'first bird' Pokemon from each gen. Pidove
85%
What is the HP recovery for each medicine item? Full Restore All
82%
What is the HP recovery for each medicine item? Max Potion All
82%
Name each of the 'first bird' Pokemon from each gen. Hoothoot
80%
Name each of the 'first bird' Pokemon from each gen. Fletchling
78%
Name each of the 'first bird' Pokemon from each gen. Taillow
75%
Name each of the 'first bird' Pokemon from each gen. Pikipek
74%
Name each of the 'first bird' Pokemon from each gen. Rookidee
73%
Which abilities halve the number of cycles when hatching an egg? Flame Body
58%
Name each of the Vitamins. Iron
57%
Name each of the Vitamins. Calcium
55%
Name each of the Vitamins. Carbos
51%
Name each of the Vitamins. Zinc
51%
What is the strongest (greatest power) bug type move? Megahorn
49%
Name each of the Vitamins. Protein
48%
Name each of the Vitamins. HP Up
43%
Name each of the Vitamins. PP Up
40%
Which abilities halve the number of cycles when hatching an egg? Magma Armor
30%
Which Pokemon takes the fewest egg cycles to hatch? Magikarp
27%
Name each of the Vitamins. PP Max
25%
Which abilities halve the number of cycles when hatching an egg? Steam Engine
15%
No matching quizzes found
Score Distribution
Percent of People with Each Score
Percentile by Number Answered
Your Score History
You have not taken this quiz